<?xml version="1.0" encoding="UTF-8"?>
<record
    xmlns:xsi="http://www.w3.org/2001/XMLSchema-instance"
    xsi:schemaLocation="http://www.loc.gov/MARC21/slim http://www.loc.gov/standards/marcxml/schema/MARC21slim.xsd"
    xmlns="http://www.loc.gov/MARC21/slim">

  <leader>01703nam a22001937a 4500</leader>
  <controlfield tag="003">OSt</controlfield>
  <controlfield tag="005">20260225180254.0</controlfield>
  <controlfield tag="008">251017b        |||||||| |||| 00| 0 eng d</controlfield>
  <datafield tag="020" ind1=" " ind2=" ">
    <subfield code="a">9786200341662</subfield>
  </datafield>
  <datafield tag="100" ind1=" " ind2=" ">
    <subfield code="a">Jatun Yachay Sovilex</subfield>
  </datafield>
  <datafield tag="245" ind1=" " ind2=" ">
    <subfield code="a">Escenas del crimen: Criminolog&#xED;a y criminal&#xED;stica</subfield>
  </datafield>
  <datafield tag="260" ind1=" " ind2=" ">
    <subfield code="b">Editorial Acad&#xE9;mica Espa&#xF1;ola</subfield>
    <subfield code="c">2020</subfield>
  </datafield>
  <datafield tag="300" ind1=" " ind2=" ">
    <subfield code="c">&#x200E; 5.91 x 0.22 x 8.66 pulgadas</subfield>
    <subfield code="a">96</subfield>
  </datafield>
  <datafield tag="520" ind1=" " ind2=" ">
    <subfield code="a">Es el libro esencial para quien se inicie en el campo de las ciencias forenses. Abarca los temas principales para comprender todo acerca de la criminal&#xED;stica y criminolog&#xED;a, que aporta una informaci&#xF3;n valiosa en caso de fenecimientos violentos, as&#xED; como el esclarecimiento de los hechos, con base al tratamiento cient&#xED;fico de la evidencia. Se presenta mediante fotos ilustrativas diferentes escenarios, as&#xED; como, t&#xE9;cnicas para la rotulaci&#xF3;n adecuada, porque el desaf&#xED;o de responder legalmente por las causas y circunstancias del deceso, tiene que ver con el lugar, clima, tiempo y otras variables del ambiente y de las v&#xED;ctimas.En este sentido, el manuscrito y sus im&#xE1;genes refleja el avance de la criminal&#xED;stica a lo largo de su historia, que se ha ido edificando sobre las bases s&#xF3;lidas de las ciencias forenses, siendo la ciencia encargada de la investigaci&#xF3;n en el lugar de los hechos. En una muerte violenta, la valoraci&#xF3;n de la escena del crimen representa un gran teatro en el cada indicio es un actor importante para armar la obra y su importancia radica en conjugar todos los elementos involucrados.</subfield>
  </datafield>
  <datafield tag="650" ind1=" " ind2=" ">
    <subfield code="a">Criminologia y criminalistica</subfield>
  </datafield>
  <datafield tag="650" ind1=" " ind2=" ">
    <subfield code="a">Historia de la criminalistica</subfield>
  </datafield>
  <datafield tag="650" ind1=" " ind2=" ">
    <subfield code="a">Del cuerpo y fen&#xF3;menos biol&#xF3;gicos </subfield>
  </datafield>
  <datafield tag="942" ind1=" " ind2=" ">
    <subfield code="2">ddc</subfield>
    <subfield code="c">BK</subfield>
    <subfield code="n">0</subfield>
  </datafield>
  <datafield tag="952" ind1=" " ind2=" ">
    <subfield code="0">0</subfield>
    <subfield code="1">0</subfield>
    <subfield code="2">ddc</subfield>
    <subfield code="4">0</subfield>
    <subfield code="7">0</subfield>
    <subfield code="8">D04</subfield>
    <subfield code="a">ISUS</subfield>
    <subfield code="b">ISUS</subfield>
    <subfield code="c">Biblioteca Cerrada</subfield>
    <subfield code="d">2025-10-17</subfield>
    <subfield code="i">0787</subfield>
    <subfield code="l">0</subfield>
    <subfield code="o">Criminal&#xED;stica</subfield>
    <subfield code="p">CRIMI0787</subfield>
    <subfield code="r">2025-10-17 17:59:16</subfield>
    <subfield code="t">1</subfield>
    <subfield code="w">2025-10-17</subfield>
    <subfield code="y">BK</subfield>
  </datafield>
  <datafield tag="999" ind1=" " ind2=" ">
    <subfield code="c">2008</subfield>
    <subfield code="d">2008</subfield>
  </datafield>
</record>
